Principles of Marketing / (Record no. 6304)

MARC details
000 -LEADER
fixed length control field 01042nam a22003135a 4500
006 - FIXED-LENGTH DATA ELEMENTS--ADDITIONAL MATERIAL CHARACTERISTICS--GENERAL INFORMATION
fixed length control field a||||fr|||| 00| 0
008 - FIXED-LENGTH DATA ELEMENTS--GENERAL INFORMATION
fixed length control field 090209t1999 n a|||frb||| 001 0 eng d
010 ## - LIBRARY OF CONGRESS CONTROL NUMBER
LC control number 98003761
020 ## - INTERNATIONAL STANDARD BOOK NUMBER
International Standard Book Number 9780130961907
022 ## - INTERNATIONAL STANDARD SERIAL NUMBER
International Standard Serial Number 0130961906 [International ed.]
040 ## - CATALOGING SOURCE
Original cataloging agency EG-ScBUE
Language of cataloging eng
Transcribing agency EG-ScBUE
082 04 - DEWEY DECIMAL CLASSIFICATION NUMBER
Classification number 658.8
Item number KOT
Edition number 22
100 1# - MAIN ENTRY--PERSONAL NAME
Personal name Kotler, Philip.
9 (RLIN) 13694
245 10 - TITLE STATEMENT
Title Principles of Marketing /
Statement of responsibility, etc Philip Kotler, Gary Armstrong.
250 ## - EDITION STATEMENT
Edition statement 8th ed.
260 ## - PUBLICATION, DISTRIBUTION, ETC. (IMPRINT)
Place of publication, distribution, etc Upper Saddle River :
Name of publisher, distributor, etc Prentice Hall International ,
Date of publication, distribution, etc c.1999.
300 ## - PHYSICAL DESCRIPTION
Extent 1 v. (various pagings) :
Other physical details col. ill. ;
Dimensions 29 cm.
500 ## - GENERAL NOTE
General note Appendix
500 ## - GENERAL NOTE
General note Indexes.
500 ## - GENERAL NOTE
General note Glossary.
504 ## - BIBLIOGRAPHY, ETC. NOTE
Bibliography, etc Includes bibliographical references.
538 ## - SYSTEM DETAILS NOTE
System details note System requirements for accompanying computer disc: Windows 95.
590 ## - LOCAL NOTE (RLIN)
Local note Menna ELemam
650 #0 - SUBJECT ADDED ENTRY--TOPICAL TERM
Topical term or geographic name as entry element Marketing.
9 (RLIN) 13695
Source of heading or term BUEsh
650 #0 - SUBJECT ADDED ENTRY--TOPICAL TERM
Topical term or geographic name as entry element Marketing--
General subdivision Management.
Source of heading or term BUEsh
651 ## - SUBJECT ADDED ENTRY--GEOGRAPHIC NAME
Source of heading or term BUEsh
700 1# - ADDED ENTRY--PERSONAL NAME
Personal name Armstrong, Gary
Fuller form of name (Gary M.)
9 (RLIN) 13696
942 ## - ADDED ENTRY ELEMENTS (KOHA)
Item type Book - Borrowing
Call number prefix 658.8 KOT
Source of classification or shelving scheme Dewey Decimal Classification
Holdings
Withdrawn status Item status Source of classification or shelving scheme Damaged status Not for loan Home library Current library Shelving location Date acquired Source of acquisition Total Checkouts Total Renewals Full call number Barcode Date last seen Date last borrowed Koha item type Vendor
    Dewey Decimal Classification     Central Library Central Library First floor 20/11/2007 Purchase 6 21 658.8 KOT 000007824 15/07/2025 11/10/2017 Book - Borrowing  
    Dewey Decimal Classification     Central Library Central Library First floor 26/04/2010       658.8 KOT 000014746 24/08/2022   CD | DVD - With book Baccah
    Dewey Decimal Classification     Central Library Central Library First floor 26/04/2010   2 2 658.8 KOT 000014440 15/07/2025 23/11/2015 Book - Borrowing Baccah
    Dewey Decimal Classification     Central Library Central Library First floor 26/04/2010       658.8 KOT 000007939 24/08/2022   CD | DVD - With book Baccah